[Event "BCF-chTa 1920 (4NCL)"]
[Site "Daventry"]
[Date "2020.02.09"]
[Round "6.46"]
[White "Ivell, Nicholas W"]
[Black "Evans, Craig"]
[Result "1-0"]
[WhiteElo "2177"]
[BlackElo "2003"]
[PlyCount "61"]
[EventDate "2019.11.09"]
[EventType "team-tourn"]
[EventRounds "11"]
[EventCountry "ENG"]
[SourceTitle "CBM 194 Extra"]
[Source "ChessBase"]
[SourceDate "2020.03.31"]
[SourceVersion "1"]
[SourceVersionDate "2020.03.31"]
[SourceQuality "1"]
[WhiteTeam "Spirit of Atticus"]
[BlackTeam "Celtic Tigers"]
[WhiteTeamCountry "ENG"]
[BlackTeamCountry "ENG"]

1. e4 c6 2. d4 d5 3. exd5 cxd5 4. Bd3 Nc6 5. c3 g6 6. Nf3 Bg7 7. 0-0 Nf6 8. Re1 0-0 9. Nbd2 Bf5 10. Bxf5 gxf5 11. Nf1 e6 12. Ng3 Ne4 13. Nh5 Rc8 14. Bf4 f6 15. Nh4 Qd7 16. f3 Ng5 17. Qd3 Qf7 18. Ng3 Rfe8 19. Re2 Ne7 20. Rae1 Ng6 21. Nxg6 hxg6 22. Bxg5 fxg5 23. Nh1 Rc6 24. Nf2 Bf6 25. Qd2 Qh7 26. Nd3 Qh4 27. Ne5 Bxe5 28. Rxe5 Kf7 29. Qe2 Rd8 30. g3 Qh8 31. Rxe6 1-0

[Event "BCF-chT3Sb 1718 (4NCL)"]
[Site "England"]
[Date "2018.01.13"]
[Round "3.73"]
[White "Compton, Alistair"]
[Black "Evans, Craig"]
[Result "1-0"]
[WhiteElo "2078"]
[BlackElo "2007"]
[PlyCount "79"]
[EventDate "2017.11.11"]
[EventType "team-tourn"]
[EventRounds "11"]
[EventCountry "ENG"]
[SourceTitle "EXT 2020"]
[Source "ChessBase"]
[SourceDate "2019.10.17"]
[SourceVersion "1"]
[SourceVersionDate "2019.10.17"]
[SourceQuality "1"]
[WhiteTeam "The Rookies"]
[BlackTeam "West is Best III"]
[WhiteTeamCountry "ENG"]
[BlackTeamCountry "WLS"]

1. e4 e5 2. Nf3 Nc6 3. Bb5 Nf6 4. Nc3 Bd6 5. d3 h6 6. 0-0 0-0 7. Ne2 Re8 8. c3 a5 9. Ng3 Na7 10. Ba4 b5 11. Bc2 Bb7 12. Re1 Bf8 13. d4 d6 14. h3 c5 15. d5 Nc8 16. Nf5 Kh7 17. g4 g6 18. Ng3 Nb6 19. Nh2 Bc8 20. h4 Ng8 21. Qf3 Qf6 22. Qxf6 Nxf6 23. g5 Ng8 24. Kg2 h5 25. f4 exf4 26. Bxf4 Nc4 27. e5 dxe5 28. Nxh5 Bb7 29. Ng4 Bxd5+ 30. Kg1 Bg7 31. Nxg7 Kxg7 32. Nxe5 Rad8 33. Nxc4 Bxc4 34. b3 Rxe1+ 35. Rxe1 Be6 36. Rd1 Rxd1+ 37. Bxd1 Ne7 38. Bd6 Nd5 39. Bxc5 Nxc3 40. Bd4+ 1-0